000 00781nam a2200241Ia 4500
003 OSt
005 20220926021647.0
006 a|||||r|||| 00| 0
007 ta
008 220923b |||||||| |||| 00| 0 eng d
037 _cGeneral Book
040 _aRTL
_cRTL
_beng
041 _2eng
_aeng
082 _aX991:D6,9(B),2776, P5/UN
110 _aUNITED NATIONS ECONOMIC AND SOCIAL AFFAIRS
_9131781
245 0 _aGlobal e-government readiness report, 2005
_b From e-government to e-inclusion
260 _aNew York
_bUnited Nations
_c2006
300 _axvi, 236p
_ccm.
650 _aUnited Nations
700 _aUNITED NATIONS ECONOMIC AND SOCIAL AFFAIRS
_9131782
942 _hX991:D6,9(B),2776, P5/UN
_cGB
_2CC
999 _c637359
_d637359